[Event "I Open A"]
[Site "Viterbo ITA"]
[Date "2003.05.??"]
[Round "5"]
[White "Jones, Gawain C.B."]
[Black "Alfieri, Paolo"]
[Result "1-0"]
[WhiteElo "2293"]
[BlackElo "2041"]
[PlyCount "69"]
[EventDate "2003.05.31"]

1. e4 c5 2. Nf3 Nc6 3. Bb5 e6 4. Bxc6 bxc6 5. d3 d5 6. O-O Qc7 7. c4 Nf6 8. Nc3
d4 9. Na4 e5 10. h3 Be7 11. Nd2 O-O 12. Nb3 Nd7 13. Qe1 Qd6 14. f4 Qg6 15. f5
Qh5 16. Rf3 f6 17. Bd2 Rb8 18. Rg3 Kh8 19. Rg4 Nb6 20. Naxc5 g5 21. Qg3 Rg8 22.
h4 h6 23. Kf2 Bxc5 24. Nxc5 Nxc4 25. dxc4 Rxb2 26. Ke1 Qf7 27. hxg5 hxg5 28.
Nd3 Rc2 29. Ke2 Qxc4 30. Rh1+ Kg7 31. Rxg5+ fxg5 32. Qxg5+ Kf8 33. Qd8+ Kg7 34.
Qe7+ Qf7 35. f6+ 1-0